01518agaaa2200301 45000010005000000030009000050050017000140070009000310080040000400400023000800410013001031000052001161300026001682450100001942500022002942600126003163000033004425080096004755200146005715380016007175460013007336500065007467000071008117000064008829420012009469990019009589520239009770706IT-RoPAU20220918181234.0d cvaizq50131s9999||||xx ||| | || ||und|| aIT-RoPAUcIT-RoPAU aITALIANO aOlmi ErmannogCodice regista SPICS: 3081941922 aLUNGO IL FIUME941923 aLUNGO IL FIUMEcDiretto da: Olmi ErmannopLUNGO IL FIUME (Rif. Codice opera principale : F0706) aEdizione Standard aROMA (ITALIA)bRAI - RADIO TELEVISIONE ITALIANA / Distribuzione: RAI DUEg"1992 (1° ed.: 1998 ; Ed. Lingua Orig.: 1992)" aVHSbsonoro, col.c92 minuti a"Fotografia: Olmi Fabio; Montaggio: Cottignala P. Olmi F; Musica: Handel Georg Friedrich; " aIL FILM PROPONE LA RISCOPERTA DEL PO, DELLE SUE ACQUE E DEL MONDO CHE VIVELUNGO LE SUE SPONDE. IL COMMENTO E' TRATTO DAL VANGELO DI GIOVANNI. aPAL, STEREO aITALIANO aDOCUMENTARIOeFILMS [VHS]xCodice MATERIA SPICS: 9960934095 aHandel Georg Friedriche(musica)gCodice Musica SPICS: 5619941924 aOlmi Ermanno e(regista)gCodice regista SPICS: 3081941925 cVH2ddc c105527d105527 0010406F_0706_00000000000000071aSPICSbSPICSd2015-01-31l0oF0706r2015-01-31 00:00:00w2015-01-31yVHzProgr. Ins.: 811 / N.Vol.:1 / Copie: 1 / Pag.: / Copia rara: n.d. / date import: 1.2.2015 / By Epidotti, Trombetti, Vaglietti